000 00321nam a2200133Ia 4500
008 240624s9999 xx 000 0 und d
041 _aeng
082 _a823 RUS
100 _aRUSSELL CRAIG
245 _aFEAR OF DARK WATER
260 _c2012
_aNew Delhi
_bArrow Books
300 _a335 : p. : cm. ; 20
365 _cRS
_b25
999 _c19892
_d19892